[Event "VIE-ch U13"]
[Site "Da Lat"]
[Date "2013.07.??"]
[Round "9"]
[White "Hoang, Tuan Anh"]
[Black "Luong, Doan Viet Hoang"]
[Result "0-1"]
[WhiteElo "1983"]
[BlackElo "1958"]
[PlyCount "90"]
[EventDate "2013.07.13"]
[EventType "swiss"]
[EventRounds "9"]
[EventCountry "VIE"]
[SourceTitle "EXT 2014"]
[Source "ChessBase"]
[SourceDate "2013.11.20"]
[SourceVersion "1"]
[SourceVersionDate "2013.11.20"]
[SourceQuality "1"]

1. e4 d5 2. Bd3 d4 3. Nf3 Nc6 4. 0-0 e5 5. c3 Nf6 6. Re1 Bg4 7. h3 Bxf3 8. Qxf3 Bd6 9. Bb5 Qd7 10. cxd4 exd4 11. e5 0-0-0 12. exf6 gxf6 13. Qxf6 Rhg8 14. Kh1 a6 15. Bd3 Nb4 16. Bf5 Nc2 17. Bxd7+ Rxd7 18. Qf5 Nxe1 19. d3 Nc2 20. Bf4 Bxf4 21. Qxf4 Nxa1 22. Qf5 Re8 23. Kh2 Nc2 24. Nd2 Red8 25. Ne4 Kb8 26. Qxh7 Nb4 27. a3 Nxd3 28. Nf6 Rd6 29. Qxd3 Rxf6 30. f3 Ka7 31. g4 b5 32. h4 c5 33. b3 Rc6 34. Qe4 Rcc8 35. Qd3 c4 36. bxc4 bxc4 37. Qf5 d3 38. Qxf7+ Kb8 39. Qf4+ Rc7 40. h5 d2 41. Kg3 d1Q 42. h6 Qe1+ 43. Kh3 Qh1+ 44. Kg3 c3 45. h7 Qxh7 0-1

[Event "VIE-ch U13"]
[Site "Da Lat"]
[Date "2013.07.??"]
[Round "5"]
[White "Luong, Doan Viet Hoang"]
[Black "Tran, Duc Hung Long"]
[Result "1-0"]
[WhiteElo "1958"]
[BlackElo "1972"]
[PlyCount "47"]
[EventDate "2013.07.13"]
[EventType "swiss"]
[EventRounds "9"]
[EventCountry "VIE"]
[SourceTitle "EXT 2014"]
[Source "ChessBase"]
[SourceDate "2013.11.20"]
[SourceVersion "1"]
[SourceVersionDate "2013.11.20"]
[SourceQuality "1"]

1. e3 e6 2. d4 d5 3. Bd3 c5 4. Nf3 Nf6 5. 0-0 Be7 6. b3 0-0 7. Ba3 cxd4 8. Bxe7 Qxe7 9. Nxd4 b6 10. c4 Bb7 11. Nf3 h6 12. h3 Nbd7 13. Nbd2 Rfd8 14. Qe2 Rac8 15. Rac1 Nc5 16. Bb1 Ba6 17. Qe1 dxc4 18. Nxc4 Nce4 19. Bxe4 Nxe4 20. Rc2 b5 21. Qa5 Qb7 22. Na3 Rxc2 23. Qxd8+ Kh7 24. Nxc2 1-0

[Event "VIE-ch U13"]
[Site "Da Lat"]
[Date "2013.07.??"]
[Round "6"]
[White "Nguyen, Huu Anh Tai"]
[Black "Luong, Doan Viet Hoang"]
[Result "1-0"]
[WhiteElo "1967"]
[BlackElo "1958"]
[PlyCount "75"]
[EventDate "2013.07.13"]
[EventType "swiss"]
[EventRounds "9"]
[EventCountry "VIE"]
[SourceTitle "EXT 2014"]
[Source "ChessBase"]
[SourceDate "2013.11.20"]
[SourceVersion "1"]
[SourceVersionDate "2013.11.20"]
[SourceQuality "1"]

1. e4 d5 2. exd5 Qxd5 3. Nc3 Qa5 4. d4 c6 5. Nf3 Bg4 6. Be2 e6 7. a3 Nf6 8. 0-0 Bd6 9. Re1 0-0 10. Bg5 Nbd7 11. Qd2 Rad8 12. Ne4 Qxd2 13. Nfxd2 Bxe2 14. Nxd6 Bg4 15. N2e4 h6 16. Nxb7 Rb8 17. Bxf6 Nxf6 18. Nec5 Rfe8 19. b4 Nd7 20. Na5 Nxc5 21. Nxc6 Rb7 22. Na5 Nd3 23. Nxb7 Nxe1 24. Rxe1 Rb8 25. Na5 Rd8 26. Nc6 Rd7 27. d5 exd5 28. Ne7+ Kh7 29. Nxd5 a5 30. Re7 Rd6 31. Rxf7 Re6 32. h3 Re1+ 33. Kh2 Be6 34. Re7 axb4 35. axb4 Kg8 36. Nc7 Kf8 37. Rxe6 Rxe6 38. Nxe6+ 1-0

[Event "VIE-ch U13"]
[Site "Da Lat"]
[Date "2013.07.??"]
[Round "8"]
[White "Nguyen, Tan Nghia"]
[Black "Luong, Doan Viet Hoang"]
[Result "1-0"]
[WhiteElo "1955"]
[BlackElo "1958"]
[PlyCount "85"]
[EventDate "2013.07.13"]
[EventType "swiss"]
[EventRounds "9"]
[EventCountry "VIE"]
[SourceTitle "EXT 2014"]
[Source "ChessBase"]
[SourceDate "2013.11.20"]
[SourceVersion "1"]
[SourceVersionDate "2013.11.20"]
[SourceQuality "1"]

1. Nf3 e6 2. e4 d5 3. exd5 Qxd5 4. Nc3 Qa5 5. d4 c6 6. Bd3 Bb4 7. Bd2 Nf6 8. 0-0 0-0 9. a3 Bxc3 10. Bxc3 Qc7 11. d5 exd5 12. Bxf6 gxf6 13. Re1 Be6 14. c3 Nd7 15. Qc2 f5 16. Bxf5 Bxf5 17. Qxf5 Kh8 18. Re7 Rad8 19. Ng5 Kg7 20. Qxh7+ Kf6 21. Rxf7+ Rxf7 22. Qxf7+ Kxg5 23. Qg7+ Kf5 24. g4+ Ke4 25. Re1+ Kd3 26. Qd4+ Kc2 27. Re2+ Kb3 28. Qb4+ Ka2 29. b3+ Kb1 30. c4 Qf4 31. Qc3 Qxg4+ 32. Kf1 Qxe2+ 33. Kxe2 Ka2 34. Kd2 Kxa3 35. h4 Rf8 36. h5 Rxf2+ 37. Ke1 Rh2 38. Qf3 Nc5 39. Kf1 Nxb3 40. cxd5 cxd5 41. Qxd5 a5 42. Qd6+ Ka4 43. Qxh2 1-0